| 000 | 00906nam a2200265 a 4500 | ||
|---|---|---|---|
| 001 | 000006067 | ||
| 005 | 20240305140451.0 | ||
| 008 | 090826s1996 dr 001 spa d | ||
| 020 | _a9768156058 | ||
| 040 |
_aDO-SdBNP _bspa _cBNPHU |
||
| 082 |
_a365 _bM827p |
||
| 100 | 1 |
_aMora, Wilfredo, _d1965- _912701 |
|
| 245 | 1 | 0 |
_aPenitenciarismo dominicano / _cWilfredo Mora, prólogo; José A. Silié Gatón. |
| 260 |
_aSanto Domingo : _bCEDIBIL, _c1996. |
||
| 300 |
_a111 p. ; _c21 cm. |
||
| 490 | 1 |
_aCalímaco _v4 |
|
| 490 | 1 |
_aMonografías y ensayos _v2 |
|
| 500 | _aIncluye datos biográficos del autor | ||
| 650 | 4 |
_aPrisiones _xRepública dominicana _917080 |
|
| 650 | 4 |
_aPrisiones _zAmérica Latina _917068 |
|
| 650 | 4 |
_aPrisiones _xAspectos psicológicos _917081 |
|
| 700 | 1 |
_a Silié Gatón, José A., _d1920-2014 _eprólogo _9747 |
|
| 830 | 0 |
_aCalímaco _914052 |
|
| 830 | 0 |
_aMonografías y ensayos _914053 |
|
| 999 |
_c5863 _d5863 |
||